Chemical engineering design and analysis: an introduction

Guardat en:
Dades bibliogràfiques
Autors principals: Duncan, T. Michael (Autor), Reimer, Jeffrey A (Autor)
Format: Llibre
Idioma:espanyol
Publicat: Cambridge Cambridge University 1998
Edició:1a. ed
Col·lecció:Cambridge Series in Chemical Engineering
Matèries:
Etiquetes: Afegir etiqueta
Sense etiquetes, Sigues el primer a etiquetar aquest registre!

MARC

LEADER 00000nam a2200000 a 4500
001 UCG2849
003 CL-VaPUC
008 100729e19980000uk |||||||||||||||||spa|d
020 |a 9780521630412 
082 0 4 |a 660.221  |b DUN  |2 21 
100 0 |a Duncan, T. Michael  |e author  |9 551488 
700 0 |a Reimer, Jeffrey A  |e author  |9 551489 
245 1 0 |a Chemical engineering design and analysis: an introduction 
250 |a 1a. ed 
300 |a 380 p 
942 |c BK 
945 |d 20100729 00:00:00  |a mfarfan 
260 |a Cambridge  |b Cambridge University  |c 1998 
650 7 |a INGENIERIA QUIMICA  |2 CL-VaPUC  |9 8 
583 |a last modification  |c 20130807 01:49:12  |k Rodrigo Vera 
490 0 |a Cambridge Series in Chemical Engineering 
999 |c 341966  |d 341964 
952 |0 0  |1 0  |4 0  |6 660_221000000000000_DUN_1998  |7 0  |8 A  |9 437861  |a BIBING  |b BIBING  |d 2019-11-22  |i 4699513  |o 660.221 DUN 1998  |p 4699513  |r 2025-01-20  |w 2019-11-22  |y BK  |k EIQ